| 000 | 00925nam a2200217 a 4500 | ||
|---|---|---|---|
| 001 | BRCA_8721 | ||
| 005 | 20190320210359.0 | ||
| 008 | 130217s1773----ag-#######---#000-0#spa-# | ||
| 041 | _aspa | ||
| 044 | _asp | ||
| 084 |
_aBE62 _b.P58 1773 |
||
| 100 | 1 |
_aPluche, Noël Antoine _d1688-1761 _921346 |
|
| 245 | 1 | 0 |
_aEspectáculo de la naturaleza o conversaciones acerca de las particularidades de la historia natural, que han parecido más a propósito para excitar una curiosidad útil, y formarles la razón à los jóvenes lectores _cescrito en idioma francés por el abad M. Pluche ; y traducido al castellano. |
| 250 | _a3a ed. | ||
| 260 |
_aMadrid _bEn la Imprenta de Pedro Marin _c1773 |
||
| 300 |
_a[2], 449 p. (t.15) _bil. _c20.5 x 14 cm. |
||
| 505 | 0 | _aContenido : t.15, pte.8. Que contiene la aparición evangelica | |
| 650 | 1 | 4 |
_aCiencias naturales _yObras anteriores a 1800 _921347 |
| 902 | _aCFM | ||
| 942 |
_2lcc _cB |
||
| 999 |
_c8373 _d8373 |
||